<?xml version="1.0" encoding="UTF-8"?><?xml-stylesheet type="text/xsl" href="static/style.xsl"?><OAI-PMH xmlns="http://www.openarchives.org/OAI/2.0/" xmlns:xsi="http://www.w3.org/2001/XMLSchema-instance" xsi:schemaLocation="http://www.openarchives.org/OAI/2.0/ http://www.openarchives.org/OAI/2.0/OAI-PMH.xsd"><responseDate>2026-04-13T07:05:43Z</responseDate><request verb="GetRecord" identifier="oai:www.recercat.cat:2117/367051" metadataPrefix="marc">https://recercat.cat/oai/request</request><GetRecord><record><header><identifier>oai:recercat.cat:2117/367051</identifier><datestamp>2025-07-23T03:52:34Z</datestamp><setSpec>com_2072_1033</setSpec><setSpec>col_2072_452951</setSpec></header><metadata><record xmlns="http://www.loc.gov/MARC21/slim" xmlns:dcterms="http://purl.org/dc/terms/" xmlns:xsi="http://www.w3.org/2001/XMLSchema-instance" xmlns:doc="http://www.lyncode.com/xoai" xsi:schemaLocation="http://www.loc.gov/MARC21/slim http://www.loc.gov/standards/marcxml/schema/MARC21slim.xsd">
   <leader>00925njm 22002777a 4500</leader>
   <datafield ind2=" " ind1=" " tag="042">
      <subfield code="a">dc</subfield>
   </datafield>
   <datafield ind2=" " ind1=" " tag="720">
      <subfield code="a">Giribet i Argilès, Jaume</subfield>
      <subfield code="e">author</subfield>
   </datafield>
   <datafield ind2=" " ind1=" " tag="260">
      <subfield code="c">2009-05-05</subfield>
   </datafield>
   <datafield ind2=" " ind1=" " tag="520">
      <subfield code="a">L’objecte d’aquest projecte és donar solució al problema que comporta el mal estat i, sobretot, el traçat deficient de la via dunió del municipi de Vilanova de Bellpuig ( Pla d’Urgell, 1100 habitants) amb la carretera N-IIa. Aquesta via és, tècnicament, un camí asfaltat i no respon a les qualitat necessària per a la correcta comunicació del municipi amb les localitats veïnes més importants. En efecte, aquest camí asfaltat comunica la vila amb Mollerussa, capital de comarca, i dóna accés a l’autovia A2 en direcció a Lleida, capital de província. No cal subratllar la necessitat que té un municipi amb les característiques de Vilanova de Bellpuig de tenir bones comunicacions amb les seves capitals, tant per fer ús dels serveis bàsics que aquestes ofereixen com per al correcte desenvolupament de les activitats econòmiques i socials.</subfield>
   </datafield>
   <datafield tag="653" ind2=" " ind1=" ">
      <subfield code="a">Àrees temàtiques de la UPC::Enginyeria civil::Infraestructures i modelització dels transports::Transport per carretera</subfield>
   </datafield>
   <datafield tag="653" ind2=" " ind1=" ">
      <subfield code="a">Roads</subfield>
   </datafield>
   <datafield tag="653" ind2=" " ind1=" ">
      <subfield code="a">Roads -- Maintenance and repair</subfield>
   </datafield>
   <datafield tag="653" ind2=" " ind1=" ">
      <subfield code="a">Carreteres</subfield>
   </datafield>
   <datafield tag="653" ind2=" " ind1=" ">
      <subfield code="a">Carreteres -- Manteniment i reparació</subfield>
   </datafield>
   <datafield ind2="0" ind1="0" tag="245">
      <subfield code="a">Condicionament, eixamplament i millora del camí local que uneix la NIIa a l'altura de Golmés amb Vilanova de Bellpuig</subfield>
   </datafield>
</record></metadata></record></GetRecord></OAI-PMH>